|
|
|
|
| LEADER |
00000nas a2200000 a 4500 |
| 001 |
ssj0000532388 |
| 003 |
WaSeSS |
| 005 |
20200512172242.0 |
| 006 |
m d |
| 007 |
cr n |
| 008 |
110210cuuuu9999vau|| |s||||||||||0eng|d |
| 035 |
|
|
|a (WaSeSS)ssj0000532388
|
| 040 |
|
|
|a WaSeSS
|c WaSeSS
|d WaSeSS
|
| 043 |
|
|
|a n-us-va
|
| 050 |
|
4 |
|a AP2.A3
|
| 245 |
0 |
0 |
|a Targeted News Service
|h [electronic resource].
|
| 260 |
|
|
|a Springfield, Va. :
|b Targeted News Service
|
| 310 |
|
|
|a Continuously updated
|
| 506 |
|
|
|a License restrictions may limit access.
|
| 588 |
|
|
|a Description based on: Jan. 2, 2005; title from table of contents page (ProQuest, viewed Feb. 10, 2011).
|
| 588 |
|
|
|a Latest issue consulted: Feb. 10, 2011 (viewed Feb. 10, 2011).
|
| 651 |
|
0 |
|a Springfield (Va.)
|x History
|v Newspapers.
|
| 655 |
|
0 |
|a Electronic journals.
|
| 710 |
2 |
|
|a Targeted News Service.
|
| 776 |
0 |
8 |
|i Also issued in print:
|t Targeted News Service
|
| 856 |
4 |
0 |
|z Full text available from Research Library: 01/02/2005 to present
|u https://search.proquest.com/publication/29620
|